Couleur des sièges des stations de la ligne 9 du métro parisien - Statistiques

Statistiques générales
  • Ce quiz a été pris 5 fois
  • Le résultat moyen est 13 sur 37
Statistiques - réponses
Hint Réponse % Correct
9 Pont de Sèvres Vert
100%
9 Porte de Saint-Cloud Blanc
33%
9 Porte de Montreuil Blanc
33%
9 Michel-Ange - Molitor Bleu
33%
9 Alma-Marceau Bleu
33%
9 Miromesnil Bleu
33%
9 Chaussée d'Antin - La Fayette Bleu
33%
9 Mairie de Montreuil Bleu
33%
9 Bonne Nouvelle Gris
33%
9 Billancourt Jaune
33%
9 Franklin D. Roosevelt Jaune
33%
9 Strasbourg - Saint-Denis Jaune
33%
9 République Jaune
33%
9 Voltaire Jaune
33%
9 Charonne Jaune
33%
9 Rue des Boulets Jaune
33%
9 Croix de Chavaux Jaune
33%
9 Michel-Ange - Auteuil Orange
33%
9 Saint-Philippe-du-Roule Orange
33%
9 Saint-Augustin Orange
33%
9 Havre-Caumartin Orange
33%
9 Richelieu - Drouot Orange
33%
9 Oberkampf Orange
33%
9 Saint-Ambroise Orange
33%
9 Marcel Sembat Rouge
33%
9 Exelmans Rouge
33%
9 Jasmin Rouge
33%
9 Ranelagh Rouge
33%
9 Rue de la Pompe Rouge
33%
9 Iéna Rouge
33%
9 Buzenval Rouge
33%
9 Robespierre Rouge
33%
9 La Muette Vert
33%
9 Trocadéro Vert
33%
9 Nation Vert
33%
9 Maraîchers Vert
33%
9 Grands Boulevards Orange
0%
Aucun quiz correspondant
Distribution des résultats
% des personnes avec chaque résultat
Percentile par nombre de réponses
Votre historique - résultats
Vous n’avez pas pris ce quiz